<?xml version='1.0' encoding='UTF-8'?>
  <record xmlns="http://www.loc.gov/MARC21/slim">
    <leader>00000cam a22000007i 4500</leader>
    <controlfield tag="001">ocm68845474</controlfield>
    <controlfield tag="003">OCoLC</controlfield>
    <controlfield tag="005">20250102003319.2</controlfield>
    <controlfield tag="008">960124s1488    gw            000 0 dut d</controlfield>
    <datafield tag="040" ind1=" " ind2=" ">
      <subfield code="a">NLGGC</subfield>
      <subfield code="b">dut</subfield>
      <subfield code="e">fobidrtb</subfield>
      <subfield code="c">NLGGC</subfield>
      <subfield code="d">QGJ</subfield>
      <subfield code="d">OCLCL</subfield>
      <subfield code="d">OCLCQ</subfield>
    </datafield>
    <datafield tag="029" ind1="0" ind2=" ">
      <subfield code="a">NLGGC</subfield>
      <subfield code="b">145053059</subfield>
    </datafield>
    <datafield tag="035" ind1=" " ind2=" ">
      <subfield code="a">(OCoLC)68845474</subfield>
    </datafield>
    <datafield tag="100" ind1="1" ind2=" ">
      <subfield code="a">Breydenbach, Bernhard von,</subfield>
      <subfield code="d">ca. 1440-1497.</subfield>
      <subfield code="1">https://id.oclc.org/worldcat/entity/E39PBJqw8tyhHWRpjjxMkWrjG3</subfield>
    </datafield>
    <datafield tag="245" ind1="1" ind2="0">
      <subfield code="a">Peregrinatio in terram sanctam [Nederlands] Die heylighe beuarden tot dat heylighe grafft in Jherusalem.</subfield>
    </datafield>
    <datafield tag="246" ind1="3" ind2=" ">
      <subfield code="a">heylighe bevarden tot dat heylighe grafft in Iherusalem, ende van daen totten berch Synai tot die heilighe maghet ende martelarisse Sunte Katherin</subfield>
    </datafield>
    <datafield tag="260" ind1=" " ind2=" ">
      <subfield code="a">Mainz :</subfield>
      <subfield code="b">Erhard Reuwich,</subfield>
      <subfield code="c">[24 mei 1488]</subfield>
    </datafield>
    <datafield tag="300" ind1=" " ind2=" ">
      <subfield code="a">188 bl. :</subfield>
      <subfield code="b">houtsneden, kaart, frontispiece, uitsl. pl. ;</subfield>
      <subfield code="c">in-2.</subfield>
    </datafield>
    <datafield tag="336" ind1=" " ind2=" ">
      <subfield code="a">tekst</subfield>
      <subfield code="b">txt</subfield>
      <subfield code="2">rdacontent/dut</subfield>
    </datafield>
    <datafield tag="337" ind1=" " ind2=" ">
      <subfield code="a">zonder medium</subfield>
      <subfield code="b">n</subfield>
      <subfield code="2">rdamedia/dut</subfield>
    </datafield>
    <datafield tag="338" ind1=" " ind2=" ">
      <subfield code="a">band</subfield>
      <subfield code="b">nc</subfield>
      <subfield code="2">rdacarrier/dut</subfield>
    </datafield>
    <datafield tag="500" ind1=" " ind2=" ">
      <subfield code="a">De afbeeldingen op de CD-ROM 'Illustrated ISTC' zijn afkomstig uit signatuur: London BL, IB.340.</subfield>
    </datafield>
    <datafield tag="500" ind1=" " ind2=" ">
      <subfield code="a">Full-text Microfiche: Incunabula: The Printing Revolution in Europe 1455-1500, Unit 6 -Image of the World: Travellers' Tales, TT 20 (Research Publications (Primary Source Media) Reading, 1994).</subfield>
    </datafield>
    <datafield tag="510" ind1="4" ind2=" ">
      <subfield code="a">Goff B1191; HCR 3963; Klebs 220.4; Schramm XV,</subfield>
      <subfield code="c">p. 7; Schr 3633; Davies VII; Campbell(Maps) 65; Pell 2981; CIBN B-776; Coq 125; Zehnacker 580; Polain(B) 897; IDL 1026; Madsen 880, 881; Günt(L) 1846; Voull(B) 1567; Kind(Göttingen) 1085; Walsh 33; Oates 54; Bod-inc B-554; Sheppard 100; Pr 159; BMC I 44; BSB-Ink B-914; GW 5081; Holtrop BRH II 21</subfield>
    </datafield>
    <datafield tag="510" ind1="4" ind2=" ">
      <subfield code="a">Incunabula in Dutch libraries,</subfield>
      <subfield code="c">1026</subfield>
    </datafield>
    <datafield tag="710" ind1="0" ind2=" ">
      <subfield code="a">Reuwich, Erhard</subfield>
      <subfield code="4">prt</subfield>
      <subfield code="0">(NL-LeOCL)322509971</subfield>
    </datafield>
    <datafield tag="776" ind1="0" ind2=" ">
      <subfield code="t">Die heylighe bevarden tot dat heylighe grafft in Iherusalem, ende van daen totten berch Synai tot die heilighe maghet ende martelarisse Sunte Katherin</subfield>
      <subfield code="w">(NL-LeOCL)377559377</subfield>
    </datafield>
    <datafield tag="856" ind1="4" ind2="2">
      <subfield code="y">Incunabula Short Title Catalogue</subfield>
      <subfield code="q">html</subfield>
      <subfield code="u">http://data.cerl.org/istc/ib01191000</subfield>
      <subfield code="z">zie de beschrijving bij de ISTC voor volledige bibliografische verwijzingen en vindplaatsen wereldwijd</subfield>
    </datafield>
    <datafield tag="936" ind1=" " ind2=" ">
      <subfield code="a">BATCHLOAD</subfield>
    </datafield>
  </record>